Метрология, стандартизация и сертификация: учебник для вузов

গ্রন্থ-পঞ্জীর বিবরন
প্রধান লেখক: Радкевич Я. М. Яков Михайлович
অন্যান্য লেখক: Схиртладзе А. Г. Александр Георгиевич, Лактионов Б. И. Борис Иванович
সংক্ষিপ্ত:Рассмотрены вопросы метрологии как науки об измерениях, методах и средствах обеспечения их единства и способах достижения требуемой точности. Приведены важнейшие сведения о физических величинах и единицах их измерения; математических методах обработки результатов измерения, положения Государственной системы стандартизации, унификации и агрегатирования, комплексной и опережающей стандартизации, основные понятия в области оценки качества продукции. Изложены основные понятия и определения в области стандартизации основных норм взаимозаменяемости; рассмотрены принципы построения системы допусков и посадок, основные нормы взаимозаменяемости типовых соединений деталей машин. Приведены методы обоснования требований к точности основных сопряжений, стандартизации геометрических параметров деталей, организационные, научно-технические и нормативно-методические основы сертификации продукции и услуг. Для студентов высших технических учебных заведений. Может быть полезен для широкого круга предпринимателей и специалистов.
ভাষা:রুশ
প্রকাশিত: Москва, Высшая школа, 2010
সংস্করন:4-е изд., стер.
মালা:Технология, оборудование и автоматизация машиностроительных производств
বিষয়গুলি:
বিন্যাস: গ্রন্থ
KOHA link:https://koha.lib.tpu.ru/cgi-bin/koha/opac-detail.pl?biblionumber=172564

MARC

LEADER 00000nam0a2200000 4500
001 172564
005 20231101223034.0
010 |a 9785060061772 
035 |a (RuTPU)RU\TPU\book\187135 
035 |a RU\TPU\book\106056 
035 |a RU\TPU\book\159819 
090 |a 172564 
100 |a 20060623d2010 m y0rusy50 ca 
101 0 |a rus 
102 |a RU 
105 |a a j 001zy 
200 1 |a Метрология, стандартизация и сертификация  |e учебник для вузов  |f Я. М. Радкевич, А. Г. Схиртладзе, Б. И. Лактионов 
205 |a 4-е изд., стер. 
210 |a Москва  |c Высшая школа  |d 2010 
215 |a 791 с.  |c ил. 
225 1 |a Технология, оборудование и автоматизация машиностроительных производств 
320 |a Библиогр.: с. 777-780. 
330 |a Рассмотрены вопросы метрологии как науки об измерениях, методах и средствах обеспечения их единства и способах достижения требуемой точности. Приведены важнейшие сведения о физических величинах и единицах их измерения; математических методах обработки результатов измерения, положения Государственной системы стандартизации, унификации и агрегатирования, комплексной и опережающей стандартизации, основные понятия в области оценки качества продукции. Изложены основные понятия и определения в области стандартизации основных норм взаимозаменяемости; рассмотрены принципы построения системы допусков и посадок, основные нормы взаимозаменяемости типовых соединений деталей машин. Приведены методы обоснования требований к точности основных сопряжений, стандартизации геометрических параметров деталей, организационные, научно-технические и нормативно-методические основы сертификации продукции и услуг. Для студентов высших технических учебных заведений. Может быть полезен для широкого круга предпринимателей и специалистов. 
451 1 |0 (RuTPU)RU\TPU\book\159819  |y 978-5-06-004325-9  |t Метрология, стандартизация и сертификация  |o учебник для вузов  |f Я. М. Радкевич, А. Г. Схиртладзе, Б. И. Лактионов  |e 3-е изд., перераб. и доп.  |c М.  |n Высшая школа  |d 2007  |p 791 с.  |s Технология, оборудование и автоматизация машиностроительных производств  |a Радкевич, Яков Михайлович 
606 1 |a Метрология  |2 stltpush  |3 (RuTPU)RU\TPU\subj\43497  |9 62988 
606 1 |a Сертификация  |2 stltpush  |3 (RuTPU)RU\TPU\subj\54694  |9 72800 
610 1 |a стандартизация 
610 1 |a измерения 
610 1 |a Государственная метрологическая служба 
610 1 |a Российская Федерация 
610 1 |a калибровка 
610 1 |a Российская система калибровки 
610 1 |a техническое регулирование 
610 1 |a международные организации 
610 1 |a сертификация 
610 1 |a пищевые продукты 
610 1 |a продовольственное сырье 
610 1 |a электрооборудование 
610 1 |a зарубежные товары 
610 1 |a региональные системы 
610 1 |a национальные системы 
610 1 |a аккредитация 
610 1 |a зубчатые передачи 
610 1 |a подшипники качения 
610 1 |a шпоночные соединения 
610 1 |a резьбовые соединения 
610 1 |a шлицевые соединения 
610 1 |a учебники 
675 |a 006(075.8)  |v 4 
675 |a 658.562.012.7(075.8)  |v 3 
700 1 |a Радкевич  |b Я. М.  |g Яков Михайлович 
701 1 |a Схиртладзе  |b А. Г.  |g Александр Георгиевич 
701 1 |a Лактионов  |b Б. И.  |g Борис Иванович 
801 1 |a RU  |b 63413507  |c 20091214 
801 2 |a RU  |b 63413507  |c 20150714  |g RCR 
900 |a Метрология, стандартизация и сертификация 
942 |c BK 
952 |b 150900  |b 151000 
959 |a 123/20091214  |d 22  |e 984,50  |f АНЛ:1  |f ЧЗТЛ:1  |f УФ:20